[Event "ICS rated blitz match"]
[Site "204.178.125.65"]
[Date "2000.09.04"]
[Round "?"]
[White "Hossa"]
[Black "lambChop"]
[Result "1-0"]
[WhiteElo "2569"]
[BlackElo "2536"]
[PlyCount "82"]
[EventDate "2000.??.??"]

1. e4 e5 2. Nf3 Nc6 3. Nc3 Nf6 4. Nxe5 Nxe5 5. d4 Ng6 6. e5 Ng8 7. Bc4 c6 8.
Qf3 d5 9. exd6 Be6 10. Bxe6 fxe6 11. Ne4 Qa5+ 12. Bd2 Qd5 13. h4 Bxd6 14. h5
N6e7 15. c4 Qxd4 16. Bc3 Bb4 17. Bxb4 Nf5 18. Bc3 Qd7 19. Rd1 Qe7 20. h6 Ngxh6
21. Rxh6 O-O 22. Rh1 Rad8 23. Rxd8 Rxd8 24. Qh5 h6 25. Qg6 Kf8 26. g4 Qd7 27.
Nd2 Nd4 28. Bb4+ Kg8 29. Rxh6 Nf3+ 30. Ke2 Ne5 31. Qh7+ Kf7 32. Rh3 Qd4 33.
Qh5+ Kg8 34. Bc3 Qxg4+ 35. Qxg4 Nxg4 36. Rg3 Nxf2 37. Kxf2 Rf8+ 38. Nf3 Rf7 39.
Rg6 e5 40. Bxe5 Re7 41. Rd6 Rf7 {lambChop resigns} 1-0

[Event "ICS rated standard match"]
[Site "204.178.125.65"]
[Date "2000.09.04"]
[Round "?"]
[White "Moron"]
[Black "Hossa"]
[Result "1/2-1/2"]
[WhiteElo "2535"]
[BlackElo "2311"]
[PlyCount "56"]
[EventDate "2000.??.??"]

1. e4 e5 2. Nf3 Nc6 3. d4 exd4 4. Nxd4 Nf6 5. Nxc6 bxc6 6. e5 Qe7 7. Qe2 Nd5 8.
c4 Ba6 9. b3 g6 10. g3 Bg7 11. Bb2 O-O 12. Bg2 d6 13. O-O Bxe5 14. Bxe5 dxe5
15. Re1 Rad8 16. Qxe5 Qxe5 17. Rxe5 Rfe8 18. Rxe8+ Rxe8 19. Kf1 Bc8 20. Nd2 Nc3
21. a3 Bf5 22. Bxc6 Re6 23. Bf3 Rd6 24. Ke1 Re6+ 25. Kf1 Rd6 26. Ke1 Re6+ 27.
Kf1 Rd6 28. Ke1 Re6+ 1/2-1/2

[Event "ICS rated blitz match"]
[Site "204.178.125.65"]
[Date "2000.09.04"]
[Round "?"]
[White "PostModernist"]
[Black "Hossa"]
[Result "1/2-1/2"]
[WhiteElo "2687"]
[BlackElo "2583"]
[PlyCount "67"]
[EventDate "2000.??.??"]

1. e4 c5 2. c3 e6 3. d4 d5 4. e5 Nc6 5. Nf3 Bd7 6. a3 f6 7. Bd3 fxe5 8. dxe5 c4
9. Bc2 Qc7 10. O-O Bc5 11. Bg5 Nxe5 12. Bf4 Nxf3+ 13. Qxf3 Qb6 14. Qh5+ Kf8 15.
Qf3 Nf6 16. Ra2 Kf7 17. Be5 Qa5 18. Nd2 Bb5 19. a4 Ba6 20. Bxf6 gxf6 21. Re1
Qb6 22. a5 Qd6 23. b4 cxb3 24. Bxb3 Rad8 25. c4 Rhg8 26. cxd5 exd5 27. Qf5 Kg7
28. Re6 Rge8 29. Qxf6+ Kg8 30. Qg5+ Kh8 31. Qf6+ Kg8 32. Qg5+ Kh8 33. Qf6+ Kg8
34. Qg5+ 1/2-1/2

[Event "ICS rated blitz match"]
[Site "204.178.125.65"]
[Date "2000.09.04"]
[Round "?"]
[White "Hossa"]
[Black "PostModernist"]
[Result "0-1"]
[WhiteElo "2588"]
[BlackElo "2682"]
[PlyCount "108"]
[EventDate "2000.??.??"]

1. e4 e6 2. d4 d5 3. Nc3 Bb4 4. e5 Ne7 5. a3 Bxc3+ 6. bxc3 b6 7. Nf3 Ba6 8.
Bxa6 Nxa6 9. Qd3 Nb8 10. O-O Nbc6 11. c4 dxc4 12. Qxc4 Qd5 13. Qd3 b5 14. Bg5
Nf5 15. c3 O-O 16. Rab1 a6 17. Rfe1 h6 18. Bf4 Na5 19. Nd2 c5 20. g4 Nh4 21.
Ne4 Ng6 22. Bg3 cxd4 23. cxd4 Rfd8 24. Nd6 Nc4 25. Red1 Ra7 26. h4 Nf8 27. Qb3
Nd7 28. g5 hxg5 29. hxg5 Ndb6 30. Nxc4 Nxc4 31. a4 Rb8 32. g6 fxg6 33. Qd3 Kh7
34. Bh2 Rf8 35. f4 Rf5 36. axb5 axb5 37. Qe2 Kg8 38. Rbc1 g5 39. Bg3 gxf4 40.
Bh4 g5 41. Qh5 gxh4 42. Qe8+ Kh7 43. Rc2 Rg7+ 44. Kh2 Qf3 45. Rg1 Rxg1 46. Qe7+
Rg7 47. Qxg7+ Kxg7 48. Rg2+ Kh7 49. Rg1 Ne3 50. d5 Nf1+ 51. Rxf1 Qg3+ 52. Kh1
Qh3+ 53. Kg1 Rg5+ 54. Kf2 Qe3# {Hossa checkmated} 0-1

[Event "ICS rated blitz match"]
[Site "204.178.125.65"]
[Date "2000.09.04"]
[Round "?"]
[White "PostModernist"]
[Black "Hossa"]
[Result "1-0"]
[WhiteElo "2694"]
[BlackElo "2576"]
[PlyCount "249"]
[EventDate "2000.??.??"]

1. e4 c5 2. c3 e6 3. d4 d5 4. e5 Nc6 5. Nf3 Bd7 6. Be2 c4 7. b3 Na5 8. O-O Qc7
9. b4 Nc6 10. a4 a6 11. Bf4 Nge7 12. Na3 Ng6 13. Bg5 h6 14. Be3 Be7 15. Nd2 Nh4
16. a5 Nf5 17. Nc2 O-O 18. Bh5 Nxe3 19. Nxe3 Nxb4 20. cxb4 Bxb4 21. Nf3 Bxa5
22. Ra2 c3 23. Qc2 Bb4 24. Rb1 a5 25. Qd3 Rfc8 26. Bg4 b6 27. Bh5 Qd8 28. Rc2
Qe8 29. Rcc1 Bb5 30. Qc2 Ba3 31. Re1 Ra7 32. Qd1 Bb2 33. Nh4 Rb7 34. Nc2 Qe7
35. g3 Bc4 36. Be2 b5 37. Bxc4 dxc4 38. d5 Qd7 39. dxe6 fxe6 40. Qg4 b4 41. Ne3
Rbc7 42. Rbd1 Qf7 43. Rd4 h5 44. Qg5 Qe8 45. Rf4 c2 46. Ng6 Rf7 47. Rxf7 Kxf7
48. Nxc2 b3 49. Ne3 c3 50. Nf5 exf5 51. e6+ Qxe6 52. Rxe6 Kxe6 53. Qe7+ Kd5 54.
Qd7+ Kc5 55. Qxc8+ Kb4 56. Qf8+ Ka4 57. Qxg7 Ka3 58. Qf8+ Ka2 59. Nf4 c2 60.
Ne2 a4 61. Qxf5 a3 62. Qd5 h4 63. gxh4 c1=Q+ 64. Nxc1+ Bxc1 65. h5 Bh6 66. Qe6
Bg7 67. h6 Bxh6 68. Qxh6 b2 69. Qe6+ Ka1 70. Qe5 Ka2 71. Qd5+ Ka1 72. Qd4 Ka2
73. Qc4+ Ka1 74. Qc3 Ka2 75. Kg2 b1=Q 76. h4 Qb7+ 77. Kh2 Qb8+ 78. Kh1 Qb1+ 79.
Kh2 Qb8+ 80. Kg1 Qb1+ 81. Kg2 Qb7+ 82. Kg1 Qe4 83. Qg3 Qd4 84. Qg5 Qd3 85. h5
Qb1+ 86. Kh2 Qf1 87. Qe3 Qc4 88. h6 Qg4 89. Qd2+ Kb1 90. Qd3+ Kb2 91. h7 Qg7
92. Qd2+ Kb3 93. Qd5+ Kb2 94. Qg8 Qc7+ 95. Kg2 Qc6+ 96. f3 Qc2+ 97. Kg3 Qc7+
98. f4 Qc3+ 99. Kg4 Kb1 100. h8=Q Qd3 101. Qh1+ Kb2 102. Qb8+ Qb3 103. Qxb3+
Kxb3 104. Qh3+ Kb2 105. Qxa3+ Kxa3 106. f5 Kb3 107. f6 Kc3 108. f7 Kd3 109.
f8=Q Kc4 110. Qg7 Kd3 111. Qh6 Kd4 112. Qg5 Kc4 113. Qa5 Kd4 114. Qb4+ Ke5 115.
Qb5+ Ke6 116. Qc4+ Kf6 117. Qe2 Kg7 118. Qe3 Kh7 119. Qg5 Kh8 120. Qe7 Kg8 121.
Kf5 Kh8 122. Qg5 Kh7 123. Kf6 Kh8 124. Qh6+ Kg8 125. Qg7# {Hossa checkmated}
1-0

[Event "ICS rated blitz match"]
[Site "204.178.125.65"]
[Date "2000.09.04"]
[Round "?"]
[White "Hossa"]
[Black "LoadedGun"]
[Result "1-0"]
[WhiteElo "2565"]
[BlackElo "2309"]
[PlyCount "81"]
[EventDate "2000.??.??"]

1. e4 d6 2. d4 Nf6 3. Nc3 c6 4. f4 Qa5 5. Bd3 e5 6. Nf3 exd4 7. Nxd4 Be7 8. Nb3
Qb6 9. Qf3 O-O 10. Be3 Bg4 11. Qg3 Nh5 12. Qf2 c5 13. e5 Qc6 14. f5 c4 15. Na5
Qc8 16. Be4 d5 17. Nxd5 Re8 18. Nc3 Qc7 19. Bxb7 Qxa5 20. Bxa8 Ba3 21. O-O Bxb2
22. Nd5 Bxa1 23. Rxa1 Nd7 24. Bd2 Qa4 25. h3 Bxh3 26. gxh3 Rxa8 27. Qf3 Nxe5
28. Ne7+ Kf8 29. Qxa8+ Kxe7 30. Qd5 Qc6 31. Qxe5+ Kd7 32. Rb1 Nf6 33. Bf4 Nd5
34. Rd1 Kc8 35. Rxd5 Qb6+ 36. Kg2 f6 37. Qe8+ Kb7 38. Qd7+ Ka6 39. Qc8+ Qb7 40.
Qxc4+ Qb5 41. Qxb5# 1-0

[Event "ICS rated blitz match"]
[Site "204.178.125.65"]
[Date "2000.09.04"]
[Round "?"]
[White "Dorky"]
[Black "Hossa"]
[Result "1-0"]
[WhiteElo "2440"]
[BlackElo "2587"]
[PlyCount "83"]
[EventDate "2000.??.??"]

1. f4 d5 2. c4 dxc4 3. Na3 e5 4. fxe5 Bxa3 5. Qa4+ Nc6 6. Qxa3 Qh4+ 7. Qg3
Qxg3+ 8. hxg3 Bg4 9. Nf3 Nge7 10. d3 Nb4 11. Kf2 Nc2 12. Rb1 Be6 13. dxc4 Bxc4
14. b3 Be6 15. Rb2 Nb4 16. Rd2 Nxa2 17. Rxa2 Bxb3 18. Rb2 Bd5 19. Ng5 c5 20. e4
Bc6 21. Bc4 Rf8 22. Nxh7 Rg8 23. Be3 b6 24. Ng5 Rf8 25. Rh7 Ng6 26. Bf4 Nxf4
27. gxf4 f6 28. exf6 Rxf6 29. Kg3 Kf8 30. e5 Rg6 31. Rd2 Re8 32. Rd6 Rxg5+ 33.
fxg5 Rxe5 34. Rxc6 Re3+ 35. Kf4 Rc3 36. Rc8+ Ke7 37. Rxg7+ Kd6 38. Bb5 Rc4+ 39.
Kf5 Rf4+ 40. Kxf4 Kd5 41. Rd7+ Ke6 42. Re8# {Hossa checkmated} 1-0

[Event "ICS rated blitz match"]
[Site "204.178.125.65"]
[Date "2000.09.04"]
[Round "?"]
[White "Hossa"]
[Black "LoadedGun"]
[Result "1-0"]
[WhiteElo "2565"]
[BlackElo "2311"]
[PlyCount "125"]
[EventDate "2000.??.??"]

1. e4 e5 2. Nf3 Nf6 3. Nxe5 d6 4. Nf3 Nxe4 5. d4 d5 6. Bd3 Nc6 7. O-O Be7 8. c4
Nb4 9. Be2 dxc4 10. Bxc4 O-O 11. a3 Nd5 12. Re1 Bf5 13. Bd3 Nd6 14. Nc3 Nxc3
15. bxc3 Bxd3 16. Qxd3 Re8 17. Bf4 Qd7 18. Rab1 b6 19. Ne5 Qa4 20. c4 a5 21.
Qf3 Rac8 22. Nc6 Bf6 23. Be5 Bxe5 24. Nxe5 Kh8 25. Rec1 f6 26. Ng4 Nxc4 27.
Nxf6 Rf8 28. Qd3 Rxf6 29. Rxc4 Qd7 30. d5 Rcf8 31. f3 c5 32. Rh4 Rf5 33. d6 Qd8
34. Rg4 R8f7 35. Rd1 Rf4 36. Rxf4 Rxf4 37. Qd5 Rf6 38. d7 h6 39. Qe4 Rf8 40.
Kf2 Qb8 41. Qe6 Rd8 42. Rd6 Qc7 43. Qe8+ Kh7 44. Qg6+ Kh8 45. g3 b5 46. Qe8+
Kh7 47. Qe5 Kg8 48. g4 c4 49. g5 hxg5 50. Ke2 b4 51. Qe8+ Kh7 52. Qg6+ Kh8 53.
axb4 axb4 54. Qxg5 b3 55. Rd4 Kg8 56. Qd5+ Kf8 57. Qf5+ Kg8 58. Qe6+ Kf8 59.
Rh4 Qe5+ 60. Qxe5 Rxd7 61. Re4 g5 62. Qf6+ Rf7 63. Qh8# 1-0

[Event "ICS rated blitz match"]
[Site "204.178.125.65"]
[Date "2000.09.04"]
[Round "?"]
[White "PostModernist"]
[Black "Hossa"]
[Result "1-0"]
[WhiteElo "2667"]
[BlackElo "2571"]
[PlyCount "141"]
[EventDate "2000.??.??"]

1. d4 d5 2. Nf3 Nf6 3. e3 e6 4. Nbd2 c5 5. c3 Nc6 6. Bd3 Be7 7. O-O O-O 8. dxc5
Bxc5 9. e4 e5 10. exd5 Qxd5 11. Qe2 Rd8 12. Bc4 Qd6 13. b4 Bb6 14. b5 Ne7 15.
Qxe5 Qxe5 16. Nxe5 Ned5 17. Ndf3 Ba5 18. Bb2 Ne4 19. Rfd1 Be6 20. Bxd5 Bxd5 21.
c4 Be6 22. Nd4 Bb6 23. Rac1 Bc8 24. h3 Bc5 25. f3 Ng3 26. Kh2 Bd6 27. Kxg3
Bxe5+ 28. f4 Bc7 29. Nf3 Rxd1 30. Rxd1 f6 31. Re1 Bd7 32. Bd4 Kf7 33. Bc5 Bd8
34. Nd2 Be6 35. a3 Bc7 36. Kf3 Ba5 37. Bb4 Bxb4 38. axb4 Rd8 39. Ke3 Bf5 40. g4
Bc2 41. Ra1 Ra8 42. Kd4 f5 43. Kc3 Be4 44. Nxe4 fxe4 45. Kd4 Re8 46. Ra3 g6 47.
Re3 Re6 48. Rxe4 Rd6+ 49. Kc3 Rd1 50. Rd4 Re1 51. Rd7+ Re7 52. Rxe7+ Kxe7 53.
c5 Kd7 54. f5 gxf5 55. gxf5 h5 56. f6 b6 57. c6+ Kd6 58. f7 Ke7 59. c7 Kxf7 60.
c8=Q Kg6 61. Qd7 Kg5 62. Qd2+ Kf5 63. Kd4 Kg6 64. Qc1 h4 65. Qc2+ Kf6 66. Qc6+
Kf7 67. Ke5 Kg7 68. Qf6+ Kg8 69. Qg6+ Kf8 70. Kf6 a6 71. Qf7# {Hossa checkmated
} 1-0

[Event "ICS rated blitz match"]
[Site "204.178.125.65"]
[Date "2000.09.04"]
[Round "?"]
[White "Tinker"]
[Black "Hossa"]
[Result "1/2-1/2"]
[WhiteElo "2459"]
[BlackElo "2559"]
[PlyCount "23"]
[EventDate "2000.??.??"]

1. e4 c5 2. Nc3 Nc6 3. d3 e6 4. Nf3 d5 5. Bf4 Nf6 6. a4 Be7 7. Nb5 O-O 8. Nc7
Rb8 9. Nb5 Ra8 10. Nc7 Rb8 11. Nb5 Ra8 12. Nc7 1/2-1/2

[Event "ICS rated blitz match"]
[Site "204.178.125.65"]
[Date "2000.09.04"]
[Round "?"]
[White "Hossa"]
[Black "Tinker"]
[Result "0-1"]
[WhiteElo "2555"]
[BlackElo "2463"]
[PlyCount "134"]
[EventDate "2000.??.??"]

1. c4 e6 2. g3 d5 3. Nf3 dxc4 4. Bg2 c6 5. O-O Bd6 6. Qc2 Nf6 7. Qxc4 e5 8. d4
Be6 9. Qc2 exd4 10. Nxd4 Bg4 11. h3 Bd7 12. Nf5 Bxf5 13. Qxf5 Qd7 14. Qf3 Qe6
15. Rd1 O-O 16. Bg5 Be5 17. Nc3 Na6 18. Qe3 Qf5 19. g4 Qe6 20. f4 Bxc3 21. Qxe6
fxe6 22. bxc3 Nd5 23. Bxd5 exd5 24. Rdb1 Rf7 25. f5 Nc5 26. Be3 Ne4 27. Rb3 Re8
28. a4 Ng3 29. Bxa7 Nxe2+ 30. Kf2 Re4 31. Be3 Nxc3 32. Rxc3 d4 33. Bxd4 Rxd4
34. Re3 Rfd7 35. Re8+ Kf7 36. Rb8 c5 37. Rb1 Rf4+ 38. Kg2 Rb4 39. Rxb4 cxb4 40.
a5 Rd2+ 41. Kf3 Rd7 42. Kg2 b3 43. a6 b2 44. a7 b1=Q 45. Rf8+ Kxf8 46. a8=Q+
Kf7 47. Qa3 Rd2+ 48. Kg3 Rd3+ 49. Qxd3 Qxd3+ 50. Kg2 Qxh3+ 51. Kxh3 g6 52. Kg3
gxf5 53. g5 Kg6 54. Kf4 b5 55. Kf3 Kxg5 56. Kg3 b4 57. Kf2 b3 58. Ke3 b2 59.
Kf3 b1=Q 60. Ke2 Qc2+ 61. Ke3 Qc3+ 62. Ke2 Qd4 63. Kf3 Qe4+ 64. Kf2 Kf4 65. Kg1
Ke3 66. Kh2 Kf2 67. Kh3 Qh1# {Hossa checkmated} 0-1

[Event "ICS rated blitz match"]
[Site "204.178.125.65"]
[Date "2000.09.04"]
[Round "?"]
[White "Tinker"]
[Black "Hossa"]
[Result "0-1"]
[WhiteElo "2483"]
[BlackElo "2535"]
[PlyCount "136"]
[EventDate "2000.??.??"]

1. e4 c5 2. Nc3 Nc6 3. d3 e6 4. Nf3 d5 5. Bg5 f6 6. exd5 exd5 7. Bd2 Be6 8. Qe2
Qd7 9. Nb5 O-O-O 10. Bf4 g5 11. Bg3 Bf7 12. O-O-O Re8 13. Qd2 g4 14. Nh4 a6 15.
Nc3 Qe6 16. a3 d4 17. Nb1 Bh6 18. Bf4 Bxf4 19. Qxf4 Nge7 20. Be2 f5 21. Rde1
Rhg8 22. Bf3 Qf6 23. Bxc6 bxc6 24. g3 Bd5 25. Rhf1 Kb7 26. Nd2 Rgf8 27. f3 gxf3
28. Ndxf3 Ng6 29. Nxg6 hxg6 30. h4 Bxf3 31. Qxf3 Re5 32. Rxe5 Qxe5 33. Kb1 Qe3
34. Qg2 Re8 35. g4 f4 36. h5 g5 37. Qh2 c4 38. dxc4 d3 39. Ka2 d2 40. Rd1 Rd8
41. Qh1 f3 42. h6 f2 43. h7 Rh8 44. b3 Qd4 45. Qh3 Qf4 46. Qd3 Kb8 47. Rh1 a5
48. Rf1 Kc7 49. c5 a4 50. bxa4 Qf7+ 51. Kb2 Qf6+ 52. c3 Rd8 53. Qe2 Kb7 54. a5
Kc7 55. a6 Kb8 56. Rd1 Ka8 57. Qf1 Qf4 58. Kb1 Qe4+ 59. Ka1 Qc2 60. Qh1 Qxc3+
61. Ka2 Qc2+ 62. Ka1 Qxd1+ 63. Qxd1 f1=Q 64. Qxf1 d1=Q+ 65. Qxd1 Rxd1+ 66. Kb2
Rh1 67. Kc3 Rxh7 68. Kd4 Rh4 {Tinker resigns} 0-1

[Event "ICS rated blitz match"]
[Site "204.178.125.65"]
[Date "2000.09.04"]
[Round "?"]
[White "Hossa"]
[Black "Tinker"]
[Result "0-1"]
[WhiteElo "2549"]
[BlackElo "2469"]
[PlyCount "138"]
[EventDate "2000.??.??"]

1. e4 e5 2. f4 exf4 3. Nf3 d5 4. exd5 Qxd5 5. Nc3 Qe6+ 6. Kf2 Bd7 7. d4 Bd6 8.
Ba6 Nxa6 9. Re1 Ne7 10. Rxe6 fxe6 11. Ne5 Bxe5 12. dxe5 Ng6 13. Qd4 Rf8 14. b4
Rd8 15. Qxa7 Nxb4 16. Qxb7 c5 17. Rb1 Nxc2 18. Nb5 Nxe5 19. Nc7+ Kf7 20. Qe4
Nb4 21. Kg1 Bc6 22. Qe1 Nbd3 23. Qh4 f3 24. Qh3 Kg8 25. Qxe6+ Rf7 26. Bg5 fxg2
27. Bxd8 Nf4 28. Qxc6 Nxc6 29. Bg5 Nh3+ 30. Kxg2 Nxg5 31. Nd5 Ra7 32. Rb2 Ne4
33. Re2 Ra4 34. Kg1 Ne5 35. Kg2 Kf7 36. a3 Rd4 37. Nc3 Nxc3 38. Rxe5 c4 39. Rc5
Nd1 40. Rc7+ Kf6 41. Kf3 Nb2 42. Rc6+ Ke7 43. Rc5 Rd3+ 44. Ke4 Rxa3 45. Rc7+
Kf6 46. Rc6+ Kg5 47. Rc7 Kh6 48. Rc6+ g6 49. Rf6 c3 50. Ke3 Ra4 51. h3 Rh4 52.
Rf3 Rh5 53. Rf1 Rxh3+ 54. Kd4 c2 55. Rc1 Rd3+ 56. Ke5 Nc4+ 57. Kf6 Rf3+ 58. Ke6
Ne3 59. Ke5 Rf1 60. Rxc2 Nxc2 61. Kd5 g5 62. Kc4 g4 63. Kd5 g3 64. Ke5 g2 65.
Ke6 g1=Q 66. Kd5 Qd4+ 67. Kc6 Rf6+ 68. Kb7 Qd7+ 69. Kb8 Rf8# {Hossa checkmated}
0-1

[Event "ICS rated standard match"]
[Site "204.178.125.65"]
[Date "2000.09.04"]
[Round "?"]
[White "Hossa"]
[Black "PostModernist"]
[Result "0-1"]
[WhiteElo "2311"]
[BlackElo "2434"]
[PlyCount "166"]
[EventDate "2000.??.??"]

1. e4 c6 2. d4 d5 3. Nc3 dxe4 4. Nxe4 Nd7 5. Bd3 Ndf6 6. Nxf6+ Nxf6 7. Nf3 Bg4
8. c3 e6 9. h3 Bxf3 10. Qxf3 Be7 11. O-O O-O 12. Bf4 Qd5 13. Qxd5 Nxd5 14. Bd2
Rfd8 15. g3 e5 16. Rfd1 exd4 17. cxd4 a5 18. Bc3 a4 19. a3 Re8 20. Re1 h5 21.
Re2 Bd6 22. Bd2 Rxe2 23. Bxe2 g6 24. Re1 Re8 25. Bd1 Rxe1+ 26. Bxe1 b5 27. h4
Kg7 28. f4 Kf6 29. Bf3 Ke6 30. Kf1 Be7 31. Ke2 Bf6 32. Kd3 Bg7 33. Bf2 f5 34.
Ke2 Bf6 35. Bg2 Kd6 36. Kd3 Be7 37. Bf3 Bf8 38. Ke2 Bh6 39. Bg2 Bg7 40. Kd3 Bf8
41. Be1 Be7 42. Bh1 Bf6 43. Bf3 Bd8 44. Bd2 Ke6 45. Bc3 Bf6 46. Be1 Bg7 47. Bf2
Bf8 48. Be1 Be7 49. Kc2 Bd8 50. Kb1 Bb6 51. Bf2 Kd6 52. Kc2 Nf6 53. Kd3 Ba5 54.
Ke3 Ng4+ 55. Bxg4 hxg4 56. Ke2 Kd5 57. Kd3 b4 58. axb4 Bxb4 59. Bg1 Be1 60. Bh2
Bf2 61. Kd2 Ke4 62. d5 cxd5 63. Ke2 Bd4 64. Kd2 Kf3 65. Kd3 Bc5 66. Kc2 Kg2 67.
b4 Bxb4 68. Bg1 Kxg1 69. Kd1 Kh2 70. Kc2 Kxg3 71. Kd3 Bc5 72. Kc2 Kxh4 73. Kd2
g3 74. Ke2 g2 75. Kd1 g1=Q+ 76. Kc2 Qh2+ 77. Kd3 Bb4 78. Ke3 Qg1+ 79. Ke2 a3
80. Kf3 Qg3+ 81. Ke2 a2 82. Kd1 Qe1+ 83. Kc2 Qb1# {Hossa checkmated} 0-1

[Event "ICS rated standard match"]
[Site "204.178.125.65"]
[Date "2000.09.04"]
[Round "?"]
[White "Hossa"]
[Black "Esen"]
[Result "1-0"]
[WhiteElo "2300"]
[BlackElo "1920"]
[PlyCount "87"]
[EventDate "2000.??.??"]

1. e4 c6 2. d4 g6 3. f4 Bg7 4. Nf3 d5 5. e5 Bg4 6. h3 Bxf3 7. Qxf3 e6 8. Bd3
Ne7 9. O-O O-O 10. b3 Nd7 11. c3 Nb6 12. h4 h5 13. g4 hxg4 14. Qxg4 Bh6 15. h5
Kg7 16. Ba3 Rg8 17. Bxe7 Qxe7 18. hxg6 fxg6 19. Rf2 Qf7 20. Nd2 Raf8 21. Raf1
Nc8 22. a4 Ne7 23. b4 Nf5 24. Re1 a6 25. Nb3 b5 26. Nc5 Ra8 27. Ra1 Rge8 28.
axb5 axb5 29. Re1 Ra3 30. Rc1 Rea8 31. Qh3 Ra1 32. Bb1 Rh8 33. Qg4 Kf8 34. Re1
Ke7 35. Qe2 Qh7 36. Rh2 Qg7 37. Bxf5 gxf5+ 38. Rg2 Rxe1+ 39. Qxe1 Qh7 40. Qh4+
Ke8 41. Ra2 Qg6+ 42. Kf1 Rg8 43. Ra8+ Kf7 44. Ra7+ {Esen resigns} 1-0

[Event "ICS rated standard match"]
[Site "204.178.125.65"]
[Date "2000.09.04"]
[Round "?"]
[White "jjgm"]
[Black "Hossa"]
[Result "1/2-1/2"]
[WhiteElo "1913"]
[BlackElo "2303"]
[PlyCount "58"]
[EventDate "2000.??.??"]

1. e4 e5 2. Nf3 Nc6 3. Bb5 a6 4. Ba4 Nf6 5. Bxc6 dxc6 6. d3 Bd6 7. Nbd2 O-O 8.
O-O Be6 9. Re1 Qe7 10. Nf1 Ng4 11. h3 Nf6 12. Bg5 h6 13. Bh4 Rfd8 14. Ng3 Bb4
15. c3 Bd6 16. Qd2 a5 17. Nh5 Kh7 18. Qe3 c5 19. c4 a4 20. b3 Bd7 21. Nxf6+
gxf6 22. Nh2 axb3 23. axb3 h5 24. Qf3 Kg6 25. Kh1 Rxa1 26. Rxa1 Rh8 27. Qg3+
Kh6 28. Qf3 Kg6 29. Qg3+ Kh6 1/2-1/2

[Event "ICS rated standard match"]
[Site "204.178.125.65"]
[Date "2000.09.04"]
[Round "?"]
[White "Hossa"]
[Black "Yoka"]
[Result "0-1"]
[WhiteElo "2290"]
[BlackElo "2066"]
[PlyCount "176"]
[EventDate "2000.??.??"]

1. e4 c5 2. Nf3 d6 3. d4 cxd4 4. Nxd4 Nf6 5. Nc3 a6 6. Bg5 e6 7. f4 Be7 8. Qf3
Qc7 9. O-O-O Nbd7 10. g4 b5 11. Bxf6 Nxf6 12. g5 Nd7 13. f5 Nc5 14. f6 gxf6 15.
gxf6 Bf8 16. Rg1 Bb7 17. b4 Nd7 18. Rg3 h5 19. Qf2 O-O-O 20. Ncxb5 axb5 21.
Nxb5 Qb6 22. Qxb6 Nxb6 23. Bg2 Bh6+ 24. Kb1 Bf4 25. Rc3+ Kb8 26. Rc7 Rhf8 27.
Bf3 d5 28. Re7 dxe4 29. Rxd8+ Rxd8 30. Bxh5 Nc8 31. Rxf7 Rh8 32. Bg4 Rxh2 33.
Bxe6 Be5 34. a4 Rf2 35. Rxb7+ Kxb7 36. f7 Nd6 37. Bd5+ Kb6 38. Nxd6 Bxd6 39.
Bxe4 Bxb4 40. Kb2 Rxf7 41. Bd5 Rf2 42. Kb3 Kc5 43. Be4 Re2 44. Bd3 Re1 45. c3
Ba5 46. Kb2 Rh1 47. Bf5 Rh2+ 48. Kb3 Rf2 49. Be4 Re2 50. Bd3 Re3 51. Kc2 Rg3
52. Kd2 Rg4 53. Bb5 Rg2+ 54. Kd3 Rg3+ 55. Ke4 Rxc3 56. Bd3 Bc7 57. Bb5 Bd8 58.
Ke5 Re3+ 59. Kf4 Kd4 60. Kf5 Bc7 61. Bd7 Re5+ 62. Kg6 Kd5 63. Bg4 Kd6 64. Bd1
Bd8 65. Bb3 Ke7 66. Bc2 Ba5 67. Bd1 Bd2 68. Kh7 Rg5 69. Bc2 Kf8 70. Kh6 Rc5+
71. Kg6 Rxc2 72. Kf5 Ra2 73. Ke4 Rxa4+ 74. Kf3 Ke7 75. Ke2 Ke6 76. Kxd2 Ra3 77.
Ke2 Kd5 78. Kd2 Ke4 79. Kc2 Rh3 80. Kd2 Rg3 81. Kc2 Kd4 82. Kd2 Rg2+ 83. Ke1
Ke3 84. Kd1 Rh2 85. Kc1 Kd3 86. Kb1 Kc3 87. Ka1 Kb3 88. Kb1 Rh1# {
Hossa checkmated} 0-1

[Event "ICS rated standard match"]
[Site "204.178.125.65"]
[Date "2000.09.05"]
[Round "?"]
[White "LoadedGun"]
[Black "Hossa"]
[Result "1/2-1/2"]
[WhiteElo "2237"]
[BlackElo "2265"]
[PlyCount "268"]
[EventDate "2000.??.??"]

1. e4 e5 2. Bc4 Nf6 3. d3 c6 4. Nf3 d5 5. Bb3 Bd6 6. Nc3 dxe4 7. Nxe4 Nxe4 8.
dxe4 O-O 9. O-O Bg4 10. h3 Bh5 11. Qd3 Na6 12. Rd1 Qc7 13. Bg5 Bb4 14. Qe3 Be7
15. Bxe7 Qxe7 16. Bc4 Nc5 17. b4 Na4 18. Rab1 Qf6 19. Rd3 Rfd8 20. Bb3 Rxd3 21.
cxd3 Nc3 22. Rc1 Nb5 23. a4 Nd4 24. Nxd4 exd4 25. Qg3 Qe7 26. Rc5 Be2 27. Rg5
g6 28. Rc5 Rc8 29. a5 b6 30. axb6 axb6 31. Rc4 Qa7 32. Rc2 Qa3 33. Bxf7+ Kxf7
34. Rxe2 Qxb4 35. e5 Qb1+ 36. Kh2 Qd1 37. Rb2 b5 38. Qf4+ Kg8 39. Qf6 Rf8 40.
Qxc6 Qxd3 41. Qd5+ Kg7 42. e6 Qf5 43. Qxd4+ Qf6 44. Qd7+ Kg8 45. Rb1 Rd8 46. e7
Qe5+ 47. f4 Rxd7 48. fxe5 Rxe7 49. Rxb5 Ra7 50. Kg3 Kf7 51. Rb6 Ra4 52. Kf3 Ra1
53. Ke4 Re1+ 54. Kf4 Rf1+ 55. Ke3 Re1+ 56. Kd4 Rd1+ 57. Kc4 Rc1+ 58. Kd3 Rd1+
59. Kc3 Rc1+ 60. Kd2 Ra1 61. Rf6+ Ke7 62. Ke3 Ra2 63. g3 Ra3+ 64. Kf4 Ra4+ 65.
Kf3 Ra3+ 66. Kg4 h5+ 67. Kh4 g5+ 68. Kxh5 Rxg3 69. Kg6 Rxh3 70. Kxg5 Rg3+ 71.
Kf4 Rh3 72. Rc6 Rh4+ 73. Kg5 Re4 74. Kf5 Rh4 75. Rc7+ Ke8 76. e6 Rh5+ 77. Ke4
Rh4+ 78. Kd5 Rh3 79. Rg7 Rd3+ 80. Ke5 Re3+ 81. Kf5 Rf3+ 82. Ke4 Rh3 83. Rb7
Rh4+ 84. Kd5 Rh3 85. Rf7 Rd3+ 86. Ke4 Rg3 87. Ra7 Rg4+ 88. Kd5 Rh4 89. Rf7 Rh5+
90. Kd6 Rh4 91. Re7+ Kf8 92. Ra7 Rd4+ 93. Ke5 Rg4 94. Rc7 Ke8 95. Rh7 Rg3 96.
Ra7 Re3+ 97. Kd5 Rd3+ 98. Ke4 Rg3 99. Rh7 Rg4+ 100. Kf5 Rg8 101. Kf6 Rf8+ 102.
Ke5 Rf3 103. Rb7 Re3+ 104. Kf5 Rf3+ 105. Ke4 Rg3 106. Kf4 Rh3 107. Rg7 Rh4+
108. Ke5 Rh3 109. Ke4 Rh4+ 110. Kf5 Rh5+ 111. Kf6 Rh6+ 112. Rg6 Rxg6+ 113. Kxg6
Ke7 114. Kf5 Ke8 115. Kf6 Kf8 116. Ke5 Ke8 117. Kd6 Kd8 118. Kc5 Ke8 119. Kd4
Kf8 120. Ke4 Ke8 121. Kf4 Kf8 122. Kg5 Ke8 123. Kg4 Kf8 124. Kg3 Kg8 125. Kh4
Kf8 126. Kg4 Ke8 127. Kg5 Ke7 128. Kh5 Kf6 129. Kg4 Kg6 130. e7 Kf7 131. Kf4
Ke8 132. Ke5 Kf7 133. Kd6 Ke8 134. Kc6 Kxe7 1/2-1/2

[Event "ICS rated standard match"]
[Site "204.178.125.65"]
[Date "2000.09.05"]
[Round "?"]
[White "BrazilianMaster"]
[Black "Hossa"]
[Result "1-0"]
[WhiteElo "2546"]
[BlackElo "2264"]
[PlyCount "85"]
[EventDate "2000.??.??"]

1. d4 d5 2. Nf3 Nf6 3. Bf4 Nc6 4. e3 Nh5 5. Bb5 Nxf4 6. exf4 e6 7. Bxc6+ bxc6
8. O-O Qf6 9. Qd2 Ba6 10. Re1 Rb8 11. b3 Bb4 12. Nc3 O-O 13. Ne5 c5 14. a3 cxd4
15. axb4 dxc3 16. Qxc3 Rb6 17. Qxc7 Qxf4 18. c4 Bc8 19. Rxa7 Ra6 20. Nc6 Qd2
21. Rf1 Rxa7 22. Nxa7 dxc4 23. bxc4 Bd7 24. b5 Qd4 25. c5 e5 26. b6 Qa4 27. c6
Bg4 28. Qxe5 Be6 29. b7 Qxa7 30. Rb1 Qa2 31. b8=Q f6 32. Qec7 Bc8 33. Re1 Be6
34. Qbb7 Bf7 35. Qe7 g5 36. Qxf6 h6 37. Qbe7 Ra8 38. Qee5 Qxf2+ 39. Kxf2 Ra2+
40. Kg1 Rxg2+ 41. Kxg2 Bd5+ 42. Qxd5+ Kh7 43. Qdf7# {Hossa checkmated} 1-0

[Event "ICS rated standard match"]
[Site "204.178.125.65"]
[Date "2000.09.05"]
[Round "?"]
[White "Hossa"]
[Black "Esen"]
[Result "1-0"]
[WhiteElo "2259"]
[BlackElo "1915"]
[PlyCount "144"]
[EventDate "2000.??.??"]

1. e4 c6 2. d4 g6 3. f4 Bg7 4. Nf3 d5 5. e5 Bg4 6. h3 Bxf3 7. Qxf3 e6 8. Bd3
Ne7 9. O-O h5 10. c3 Nd7 11. b3 Qc7 12. Ba3 Nb6 13. Bd6 Qd7 14. Bc5 Nbc8 15.
Qf2 b6 16. Ba3 b5 17. Nd2 Nb6 18. Nf3 a5 19. g3 a4 20. Bc5 Nec8 21. Ng5 Bf8 22.
Bxf8 Kxf8 23. g4 Ne7 24. Qh4 Kg7 25. gxh5 Rxh5 26. Qg3 Nf5 27. Qf2 axb3 28.
axb3 Rxa1 29. Rxa1 Rh8 30. Ra6 Qb7 31. Ra3 Nh6 32. Qa2 Ra8 33. Rxa8 Qxa8 34.
Qb2 Qa5 35. h4 Nc8 36. b4 Qa7 37. Be2 Ne7 38. h5 Nhf5 39. Bg4 gxh5 40. Bxh5 Ng6
41. Qd2 Qa1+ 42. Kh2 Qf1 43. Nh3 Ngh4 44. Qf2 Qxf2+ 45. Nxf2 Ng6 46. Bxg6 Kxg6
47. Ng4 Ne7 48. Kg3 Nf5+ 49. Kf3 Nh4+ 50. Kf2 Nf5 51. Nf6 Ne7 52. Kf3 Kf5 53.
Ne8 Kg6 54. Nd6 Nf5 55. Nb7 Ne7 56. Kf2 Kf5 57. Ke3 Kg6 58. Ke2 Kf5 59. Kd2 Kg6
60. Ke1 Kf5 61. Nd6+ Kg6 62. Ke2 Nf5 63. Nb7 Ne7 64. Nd8 Kg7 65. Kf2 Kg6 66.
Kg3 Nf5+ 67. Kf3 Ne7 68. Kf2 Kg7 69. Ke3 Nf5+ 70. Kd3 Ne7 71. Nb7 f5 72. Nd8
Ng6 {Esen resigns} 1-0